| 000 | 00691nam a22002177a 4500 | ||
|---|---|---|---|
| 005 | 20250218105559.0 | ||
| 010 | _aENG-143829 | ||
| 020 |
_a9789364445085 _c1150.00 |
||
| 035 | _aEN-127361 | ||
| 037 | _bDelivery Books Act Division | ||
| 082 |
_28 _a302.3 |
||
| 100 |
_aLewicki, Roy J. _977703 |
||
| 245 |
_aNegotiation/ _cby Roy J. Lewicki; Bruce Barry [and] David M. Saunders |
||
| 250 | _a8 | ||
| 260 |
_aChennai _bMcGraw Hill _c2025 |
||
| 270 |
_a5/90 A, Butt Road, St. Thomas Mount _bChennai _e600016 |
||
| 300 |
_axvii,685p. _c24cm(pb) |
||
| 700 |
_aBarry, Bruce _eAuthor _977704 |
||
| 700 |
_aSaunders, David M. _eAuthor _977705 |
||
| 942 |
_2ddc _cEN _h302.3 _mLEW |
||
| 999 |
_c209145 _d209145 |
||